[Event "SC Hansa Dortmund 2 - SK Holsterhausen "]
[Site "NRW-Klasse, Gruppe 2 2013/201"]
[Date "2013.09.15"]
[Round "1.6"]
[White "Sundorf, Jannik"]
[Black "Kortenbusch, Christoph"]
[Result "1-0"]
[WhiteElo "2120"]
[BlackElo "2048"]
[PlyCount "65"]
[EventDate "2013.??.??"]
[WhiteTeam "SC Hansa Dortmund 2"]
[BlackTeam "SK Holsterhausen 1"]

1. d4 c5 2. d5 Nf6 3. c4 b5 4. cxb5 a6 5. bxa6 Bxa6 6. Nc3 g6 7. e4 Bxf1 8.
Kxf1 d6 9. Nf3 Bg7 10. g3 O-O 11. Kg2 Nbd7 12. a4 Ra6 13. Qe2 Qa8 14. Rd1 e6
15. Nb5 Ne8 16. Bg5 exd5 17. exd5 Ndf6 18. Bxf6 Bxf6 19. Qc2 Qb7 20. Rd3 Nc7
21. Nxc7 Qxc7 22. Re1 Qb7 23. b3 Rb6 24. Kg1 Rb4 25. Nd2 Rb8 26. Nc4 Bd4 27.
Nxd6 Qxd5 28. Nb5 Qf5 29. Nxd4 Rxd4 30. Red1 c4 31. bxc4 Rb4 32. Qd2 Rdxc4 33.
Qh6 1-0

[Event "SC Hansa Dortmund 2 - SK Holsterhausen "]
[Site "NRW-Klasse, Gruppe 2 2013/201"]
[Date "2013.09.15"]
[Round "1.7"]
[White "Schwenke, Markus"]
[Black "Rempel, Eugen"]
[Result "0-1"]
[WhiteElo "1902"]
[BlackElo "2151"]
[PlyCount "28"]
[EventDate "2013.??.??"]
[WhiteTeam "SK Holsterhausen 1"]
[BlackTeam "SC Hansa Dortmund 2"]

1. d4 Nf6 2. Nf3 c5 3. e3 e6 4. c4 d5 5. Nc3 Nc6 6. dxc5 Bxc5 7. cxd5 exd5 8.
Bd3 Bg4 9. Qb3 O-O 10. Qxb7 Nb4 11. Qb5 a6 12. Bxh7+ Kxh7 13. Qe2 Bf5 14. O-O
Bd3 0-1

[Event "SC Hansa Dortmund 2 - SK Holsterhausen "]
[Site "NRW-Klasse, Gruppe 2 2013/201"]
[Date "2013.09.15"]
[Round "1.8"]
[White "Linker, Walter"]
[Black "Krieglstein, Marcel"]
[Result "1-0"]
[WhiteElo "2050"]
[BlackElo "1817"]
[PlyCount "67"]
[EventDate "2013.??.??"]
[WhiteTeam "SC Hansa Dortmund 2"]
[BlackTeam "SK Holsterhausen 1"]

1. b3 d5 2. Bb2 Bf5 3. e3 Nf6 4. f4 e6 5. Nf3 Nbd7 6. Be2 Bb4 7. O-O Qe7 8. a3
Ba5 9. c4 c5 10. Nc3 O-O 11. Nh4 dxc4 12. bxc4 Be4 13. Nxe4 Nxe4 14. Nf3 Rfd8
15. Qc2 Ndf6 16. Bd3 Nxd2 17. Nxd2 Rxd3 18. Qxd3 Rd8 19. Qb3 Rxd2 20. Bxf6 gxf6
21. Rad1 Qd8 22. Rxd2 Qxd2 23. Rd1 Qe2 24. Qd3 Qa2 25. h3 h5 26. Rf1 a6 27. Rf3
Be1 28. Qd1 Bd2 29. Kh1 h4 30. Rf2 Qxa3 31. Qxd2 Qa1+ 32. Kh2 e5 33. Qe2 exf4
34. Qg4+ 1-0

[Event "LSV Turm Lippstadt 1 - SVG Plettenberg "]
[Site "NRW-Klasse, Gruppe 2 2013/201"]
[Date "2013.10.06"]
[Round "2.1"]
[White "Haub, Thorsten Michael"]
[Black "Wehmeier, Stefan"]
[Result "0-1"]
[WhiteElo "2440"]
[BlackElo "2411"]
[PlyCount "82"]
[EventDate "2013.??.??"]
[WhiteTeam "SVG Plettenberg 1"]
[BlackTeam "LSV Turm Lippstadt 1"]

1. g3 Nf6 2. Bg2 e5 3. d3 d5 4. Nd2 Nc6 5. c3 a5 6. Qc2 Be6 7. Ngf3 h6 8. O-O
Qd7 9. e4 Bc5 10. Nxe5 Bxf2+ 11. Rxf2 Nxe5 12. exd5 Nxd5 13. Re2 Nc6 14. Ne4 b6
15. b3 O-O 16. Bb2 f5 17. Nf2 f4 18. gxf4 Nxf4 19. Re3 Nxg2 20. Kxg2 Bd5+ 21.
Ne4 Ne7 22. c4 Nf5 23. Rh3 Bb7 24. Re1 Rae8 25. Kg1 Nd4 26. Qg2 Bxe4 27. dxe4
Ne2+ 28. Qxe2 Qxh3 29. Qg2 Qxg2+ 30. Kxg2 Rf4 31. e5 Ref8 32. Re2 Rg4+ 33. Kh3
h5 34. Re3 Rff4 35. Rd3 Kf7 36. Bc1 Rf1 37. Ba3 Ke6 38. c5 b5 39. c6 b4 40. Bb2
g5 41. a4 Rfg1 0-1

[Event "LSV Turm Lippstadt 1 - SVG Plettenberg "]
[Site "NRW-Klasse, Gruppe 2 2013/201"]
[Date "2013.10.06"]
[Round "2.2"]
[White "Matthias, Heiner"]
[Black "Bosch, Jeroen"]
[Result "0-1"]
[WhiteElo "2311"]
[BlackElo "2346"]
[PlyCount "65"]
[EventDate "2013.??.??"]
[WhiteTeam "LSV Turm Lippstadt 1"]
[BlackTeam "SVG Plettenberg 1"]

1. c4 e5 2. g3 Nf6 3. Bg2 d6 4. Nc3 g6 5. Nf3 Bg7 6. O-O O-O 7. d3 h6 8. Bd2
Re8 9. b4 c6 10. b5 d5 11. bxc6 Nxc6 12. cxd5 Nxd5 13. Nxd5 Qxd5 14. Qc1 e4 15.
dxe4 Qh5 16. Bc3 Bxc3 17. Qxc3 Bh3 18. Rab1 Re7 19. Rfd1 Bxg2 20. Kxg2 Rae8 21.
h3 Qa5 22. Qb3 Qa6 23. Rd6 Kh7 24. Rf6 Kg7 25. Qb2 Kg8 26. e5 Qc4 27. Qd2 Nxe5
28. Qxh6 Nxf3 29. exf3 Re1 30. Rxe1 Rxe1 31. g4 Qf1+ 32. Kg3 Qg1+ 33. Kf4 0-1

[Event "LSV Turm Lippstadt 1 - SVG Plettenberg "]
[Site "NRW-Klasse, Gruppe 2 2013/201"]
[Date "2013.10.06"]
[Round "2.3"]
[White "Klip, Hans"]
[Black "Jesse, Ingemars"]
[Result "0-1"]
[WhiteElo "2299"]
[BlackElo "2286"]
[PlyCount "96"]
[EventDate "2013.??.??"]
[WhiteTeam "SVG Plettenberg 1"]
[BlackTeam "LSV Turm Lippstadt 1"]

1. e4 g6 2. d4 Bg7 3. Nc3 d6 4. Be3 a6 5. h3 b5 6. Bd3 Nd7 7. a4 b4 8. Nce2
Ngf6 9. Qd2 Bb7 10. Ng3 h5 11. f3 h4 12. Nf1 a5 13. Ne2 e5 14. d5 Nh5 15. Bb5
O-O 16. Bg5 Bf6 17. Bxf6 Ndxf6 18. O-O-O Ba6 19. Bxa6 Rxa6 20. g4 hxg3 21.
Nfxg3 b3 22. Rdg1 Kh7 23. Qg5 bxc2 24. f4 exf4 25. Nxf4 Nxg3 26. Qxg3 Nxe4 27.
Qg2 Nc5 28. Qxc2 Qe8 29. Rf1 Rb6 30. h4 Qe3+ 31. Kb1 Rfb8 32. Rh2 Rxb2+ 33.
Qxb2 Qe4+ 34. Rc2 Rxb2+ 35. Kxb2 Nxa4+ 36. Kc1 Qe3+ 37. Kb1 Nc3+ 38. Kb2 Nb5
39. Rcf2 Qc3+ 40. Kb1 Qb4+ 41. Kc2 Na3+ 42. Kd3 f5 43. Re2 Qb3+ 44. Kd2 Nc4+
45. Ke1 Qg3+ 46. Rff2 Qc3+ 47. Kf1 Ne3+ 48. Kg1 Qc1+ 0-1

[Event "LSV Turm Lippstadt 1 - SVG Plettenberg "]
[Site "NRW-Klasse, Gruppe 2 2013/201"]
[Date "2013.10.06"]
[Round "2.4"]
[White "Brenke, Andreas"]
[Black "Pieper, Dawid"]
[Result "1/2-1/2"]
[WhiteElo "2301"]
[BlackElo "2162"]
[PlyCount "41"]
[EventDate "2013.??.??"]
[WhiteTeam "LSV Turm Lippstadt 1"]
[BlackTeam "SVG Plettenberg 1"]

1. d4 e6 2. Nf3 f5 3. Bf4 Nf6 4. e3 b6 5. Bd3 Bb7 6. c4 Bb4+ 7. Nc3 Bxc3+ 8.
bxc3 d6 9. c5 O-O 10. cxd6 cxd6 11. O-O Ne4 12. Qb3 Bd5 13. c4 Bb7 14. Qa3 Qd7
15. Rac1 Nc6 16. Rfd1 Rac8 17. Bc2 Na5 18. Ba4 Qe7 19. c5 dxc5 20. dxc5 Rfd8
21. Rxd8+ 1/2-1/2

[Event "LSV Turm Lippstadt 1 - SVG Plettenberg "]
[Site "NRW-Klasse, Gruppe 2 2013/201"]
[Date "2013.10.06"]
[Round "2.5"]
[White "Bouaraba, Max"]
[Black "Fecke, Andreas"]
[Result "1-0"]
[WhiteElo "2151"]
[BlackElo "2127"]
[PlyCount "99"]
[EventDate "2013.??.??"]
[WhiteTeam "SVG Plettenberg 1"]
[BlackTeam "LSV Turm Lippstadt 1"]

1. d4 d6 2. Bf4 c6 3. e3 g5 4. Bg3 Bf5 5. Bd3 Nd7 6. h4 g4 7. Bxf5 Qa5+ 8. Nc3
Qxf5 9. e4 Qh5 10. Nge2 e5 11. Qd3 O-O-O 12. d5 Nc5 13. Qc4 f5 14. dxc6 bxc6
15. b4 Nb7 16. Qxc6+ Kb8 17. Nb5 Ne7 18. Qa6 Nc8 19. Rb1 f4 20. Rb3 fxg3 21.
Rc3 gxf2+ 22. Kf1 Rd7 23. Qc6 Qe8 24. Nc7 Ne7 25. Qb5 Qd8 26. Ne6 Qe8 27. Rc7
Rxc7 28. Qxe8+ Rc8 29. Qb5 Bh6 30. Kxf2 Rxc2 31. Rd1 Nc8 32. a4 a6 33. Qxa6 Re8
34. Ng5 Bg7 35. Nxh7 Rh8 36. Ng5 Rxh4 37. Qd3 Rc7 38. Ne6 Rf7+ 39. Kg3 Bf6 40.
Kf2 Rh6 41. Ke3 Bh4 42. Qb3 Rhf6 43. Rd3 Be1 44. Ng5 Rg7 45. Nc3 Bf2+ 46. Ke2
Bd4 47. Ne6 Rf2+ 48. Ke1 Rgf7 49. Nxd4 exd4 50. Ne2 1-0

[Event "LSV Turm Lippstadt 1 - SVG Plettenberg "]
[Site "NRW-Klasse, Gruppe 2 2013/201"]
[Date "2013.10.06"]
[Round "2.6"]
[White "Wagner, Alexej"]
[Black "Kuhnen, Thomas"]
[Result "1-0"]
[WhiteElo "2191"]
[BlackElo "2055"]
[PlyCount "51"]
[EventDate "2013.??.??"]
[WhiteTeam "LSV Turm Lippstadt 1"]
[BlackTeam "SVG Plettenberg 1"]

1. d4 f5 2. Nc3 Nf6 3. Bg5 g6 4. Bxf6 exf6 5. e3 d5 6. a3 c6 7. Bd3 Bd6 8. Qf3
Be6 9. Nge2 Nd7 10. h3 h5 11. g4 fxg4 12. hxg4 Bxg4 13. Qxg4 hxg4 14. Rxh8+ Nf8
15. Bxg6+ Ke7 16. Bf5 Qa5 17. Kd2 Kf7 18. Rg1 b5 19. Rxg4 b4 20. axb4 Qxb4 21.
Rhg8 Rb8 22. R4g7+ Ke8 23. Bd7+ Kd8 24. Bxc6 Be7 25. Nf4 Qd6 26. Nfxd5 1-0

[Event "LSV Turm Lippstadt 1 - SVG Plettenberg "]
[Site "NRW-Klasse, Gruppe 2 2013/201"]
[Date "2013.10.06"]
[Round "2.7"]
[White "Schulze, Marc"]
[Black "Roemhild, Marcus"]
[Result "1/2-1/2"]
[WhiteElo "2024"]
[BlackElo "2066"]
[PlyCount "125"]
[EventDate "2013.??.??"]
[WhiteTeam "SVG Plettenberg 1"]
[BlackTeam "LSV Turm Lippstadt 1"]

1. d4 Nf6 2. Bf4 c5 3. e3 g6 4. Nf3 Bg7 5. h3 O-O 6. c3 b6 7. Bd3 Bb7 8. Nbd2
d6 9. O-O Nbd7 10. Qe2 Re8 11. e4 e5 12. dxe5 Nxe5 13. Nxe5 dxe5 14. Bg5 Qc7
15. Bxf6 Bxf6 16. Ba6 Bc6 17. a4 Red8 18. Nc4 Bg7 19. f3 Bh6 20. b3 Qe7 21.
Rfd1 Bf4 22. Ne3 Bxe3+ 23. Qxe3 Rd6 24. Rxd6 Qxd6 25. Be2 Rd8 26. a5 Qd2 27.
Qxd2 Rxd2 28. axb6 axb6 29. Bc4 b5 30. Bf1 Rb2 31. Ra6 Bd7 32. Rd6 Be6 33. Rc6
Rxb3 34. Rxc5 Rb1 35. Kf2 Rb2+ 36. Kg3 b4 37. cxb4 Rxb4 38. Rxe5 Kg7 39. Rb5
Rd4 40. Rb2 Kf6 41. Kf2 g5 42. Ke3 Ra4 43. Bd3 Ra3 44. Rc2 h6 45. Rc5 Ke7 46.
Rc6 Ra2 47. Bc2 Kd7 48. Rc3 Rb2 49. f4 gxf4+ 50. Kxf4 Ke7 51. g4 Rb5 52. Bd3
Ra5 53. Kg3 Kf6 54. Kf4 Kg7 55. Bc2 Rb5 56. Re3 Rb4 57. g5 hxg5+ 58. Kxg5 Rb2
59. Bd1 Rd2 60. Bg4 Rg2 61. Kf4 Bxg4 62. hxg4 Rf2+ 63. Kg3 1/2-1/2

[Event "LSV Turm Lippstadt 1 - SVG Plettenberg "]
[Site "NRW-Klasse, Gruppe 2 2013/201"]
[Date "2013.10.06"]
[Round "2.8"]
[White "Chapman, Alan John"]
[Black "Fischer, Torsten"]
[Result "0-1"]
[WhiteElo "2006"]
[BlackElo "1945"]
[PlyCount "90"]
[EventDate "2013.??.??"]
[WhiteTeam "LSV Turm Lippstadt 1"]
[BlackTeam "SVG Plettenberg 1"]

1. d4 d5 2. c4 e6 3. Nf3 Nf6 4. g3 c5 5. Bg2 Be7 6. cxd5 exd5 7. dxc5 O-O 8.
O-O Nc6 9. a3 Bxc5 10. b4 Bb6 11. Bb2 Qe7 12. Qc2 Re8 13. e3 Bg4 14. Ng5 Ne5
15. Nc3 g6 16. f4 Nc4 17. Rae1 Nxe3 18. Rxe3 Qxe3+ 19. Kh1 Rac8 20. Qb3 Rcd8
21. Qa2 Be6 22. Qa1 Ng4 23. Nd1 Qe2 24. Bd4 Bxd4 25. Qxd4 Bf5 26. h3 Ne3 27.
Nxe3 Qxe3 28. Qf6 Qe7 29. Qd4 Qe3 30. Qf6 Qe7 31. Qd4 h6 32. Nf3 Qe3 33. Qf6
Qe6 34. Qh4 Kg7 35. Re1 Be4 36. g4 f6 37. Qg3 Qc6 38. Nd4 Qc4 39. Rd1 Bxg2+ 40.
Qxg2 Re4 41. Qf2 Qc3 42. Kg2 Rde8 43. f5 Qc4 44. Ne6+ R8xe6 45. fxe6 Re2 0-1

[Event "SV Letmathe 1 - SV Würselen 1"]
[Site "NRW-Klasse, Gruppe 2 2013/201"]
[Date "2013.10.06"]
[Round "2.1"]
[White "Hovhanisian, Mher"]
[Black "Podzielny, Karl-Heinz"]
[Result "1-0"]
[WhiteElo "2506"]
[BlackElo "2377"]
[PlyCount "100"]
[EventDate "2013.??.??"]
[WhiteTeam "SV Würselen 1"]
[BlackTeam "SV Letmathe 1"]

1. e4 c5 2. c3 e6 3. d4 d5 4. exd5 exd5 5. Be3 c4 6. b3 cxb3 7. axb3 Nc6 8. Bd3
Bd6 9. Qf3 Nf6 10. h3 Qe7 11. Nd2 O-O 12. Ne2 h6 13. O-O Be6 14. Ng3 Rac8 15.
Rfe1 Rfe8 16. Bxh6 Qc7 17. Bg5 Nh7 18. Be3 g6 19. Bh6 Qd8 20. Bf4 Ng5 21. Bxg5
Qxg5 22. Ndf1 a6 23. Ne3 Kg7 24. Ng4 Rh8 25. Bf1 Rh4 26. Nh2 Rch8 27. Ra2 Rf4
28. Qd3 Qf6 29. Re3 Ne7 30. Rf3 Rxf3 31. Qxf3 Rc8 32. Qxf6+ Kxf6 33. Rc2 Nf5
34. Ng4+ Kg7 35. Ne2 a5 36. Ne5 b5 37. Ra2 b4 38. cxb4 axb4 39. g3 Nxd4 40.
Nxd4 Bxe5 41. Nxe6+ fxe6 42. Ra4 Bc3 43. Bd3 Be1 44. Ra6 Rc3 45. Bxg6 e5 46.
Kf1 Rc1 47. h4 e4 48. h5 Bc3+ 49. Kg2 Rc2 50. h6+ Kf8 1-0

[Event "SV Letmathe 1 - SV Würselen 1"]
[Site "NRW-Klasse, Gruppe 2 2013/201"]
[Date "2013.10.06"]
[Round "2.2"]
[White "Adamski, Jan"]
[Black "Cekro, Ekrem"]
[Result "0-1"]
[WhiteElo "2281"]
[BlackElo "2360"]
[Annotator "Doe,John"]
[PlyCount "56"]
[EventDate "2013.??.??"]
[WhiteTeam "SV Letmathe 1"]
[BlackTeam "SV Würselen 1"]

1. Nf3 d5 2. c4 Nf6 3. cxd5 Nxd5 4. d4 g6 5. e4 Nb6 6. h3 Bg7 7. Nc3 O-O 8. Be2
Nc6 9. Be3 e5 10. d5 Ne7 11. Qb3 Bd7 12. Bc5 Re8 13. Bb5 Nec8 14. Bxd7 Qxd7 15.
a4 Nd6 16. Bxd6 cxd6 17. a5 Nc8 18. Qb5 Rd8 19. Qxd7 Rxd7 20. Nd2 Rc7 21. Ra4
b5 22. axb6 Nxb6 23. Ra6 Rb8 24. Ke2 Bh6 25. Rc1 Nc8 26. Rc2 Rb4 27. Rc6 Rxc6
28. dxc6 Bxd2 {Rest nicht leserlich!} 0-1

[Event "SV Letmathe 1 - SV Würselen 1"]
[Site "NRW-Klasse, Gruppe 2 2013/201"]
[Date "2013.10.06"]
[Round "2.3"]
[White "Goossens, Etienne"]
[Black "Webb, Laurence"]
[Result "1/2-1/2"]
[WhiteElo "2209"]
[BlackElo "2260"]
[PlyCount "61"]
[EventDate "2013.??.??"]
[WhiteTeam "SV Würselen 1"]
[BlackTeam "SV Letmathe 1"]

1. Nf3 Nc6 2. d4 d5 3. c4 e5 4. dxe5 d4 5. a3 a5 6. e3 Bc5 7. exd4 Bxd4 8. Be2
Be6 9. O-O Bxe5 10. Qb3 Qc8 11. Nxe5 Nxe5 12. f4 Nc6 13. f5 Bxf5 14. Qg3 Nge7
15. Qxg7 Rg8 16. Qf6 Qe6 17. Qxe6 Bxe6 18. Nc3 Nd4 19. Bd3 O-O-O 20. Bxh7 Rh8
21. Bg5 f6 22. Bxf6 Rxh7 23. Rae1 Nec6 24. Bxd8 Kxd8 25. Rf8+ Ke7 26. Rf4 Rf7
27. Rfe4 Rg7 28. Kf2 Rf7+ 29. Kg1 Rg7 30. Kf2 Rf7+ 31. Kg1 1/2-1/2

[Event "SV Letmathe 1 - SV Würselen 1"]
[Site "NRW-Klasse, Gruppe 2 2013/201"]
[Date "2013.10.06"]
[Round "2.4"]
[White "Oswald, Hans-Joachim"]
[Black "Verstraeten, Reinaert"]
[Result "0-1"]
[WhiteElo "2190"]
[BlackElo "2161"]
[PlyCount "100"]
[EventDate "2013.??.??"]
[WhiteTeam "SV Letmathe 1"]
[BlackTeam "SV Würselen 1"]

1. Nf3 Nf6 2. c4 g6 3. b4 a5 4. b5 Bg7 5. Bb2 O-O 6. g3 c5 7. Bg2 e6 8. Qc2 Qe7
9. O-O d5 10. d4 Nbd7 11. dxc5 Nxc5 12. Nbd2 b6 13. cxd5 exd5 14. Nd4 Bd7 15.
Rfe1 Rac8 16. Rad1 Rfe8 17. e3 Nce4 18. Qd3 Qb4 19. Nxe4 dxe4 20. Qb3 Qxb3 21.
axb3 Nd5 22. Bf1 Nb4 23. Rd2 Red8 24. Rc1 Rxc1 25. Bxc1 Nd3 26. Bxd3 exd3 27.
Rxd3 Bxb5 28. Rc3 Be8 29. Rd3 b5 30. f4 b4 31. Rd2 f5 32. Kf2 Bf7 33. Nc6 Rxd2+
34. Bxd2 a4 35. Nxb4 axb3 36. Bc1 b2 37. Bxb2 Bxb2 38. Nd3 Bc3 39. h3 h5 40. g4
h4 41. Nc5 Bd5 42. gxf5 gxf5 43. Nd3 Kf7 44. Nc1 Be4 45. Ne2 Bf6 46. Ng1 Ke6
47. Nf3 Kd5 48. Nd2 Bd3 49. Nf3 Be4 50. Nd2 Bc3 0-1

[Event "SV Letmathe 1 - SV Würselen 1"]
[Site "NRW-Klasse, Gruppe 2 2013/201"]
[Date "2013.10.06"]
[Round "2.5"]
[White "Andok, Claus Michael"]
[Black "Soukup, Jiri"]
[Result "0-1"]
[WhiteElo "2079"]
[BlackElo "2273"]
[Annotator "Doe,John"]
[PlyCount "82"]
[EventDate "2013.??.??"]
[WhiteTeam "SV Würselen 1"]
[BlackTeam "SV Letmathe 1"]

1. c4 f5 2. Nc3 Nf6 3. g3 e5 4. Bg2 Nc6 5. d3 Bc5 6. Nf3 d6 7. O-O a5 8. a3 O-O
9. e3 Ba7 10. b3 Ne7 11. Qc2 c6 12. Rb1 h6 13. b4 axb4 14. axb4 $11 g5 15. c5
Ng6 16. Qb3+ Kg7 17. Na4 d5 18. Bb2 Qe7 19. Qc3 Re8 20. Ra1 Bb8 21. Nb6 Rxa1
22. Rxa1 Be6 23. Ra8 Bc7 24. Ra7 g4 25. Nd2 Bb8 26. Ra8 h5 27. Qa3 Kf7 28. Qa1
f4 29. exf4 exf4 30. Bxf6 Qxf6 31. Qxf6+ Kxf6 32. d4 h4 33. b5 hxg3 34. hxg3
fxg3 35. fxg3 Ne7 36. bxc6 bxc6 37. Nf1 Nf5 38. Ra6 Nxd4 39. Kf2 Kg5 40. Ke3
Bc8+ 41. Kxd4 Be5+ 0-1

[Event "SV Letmathe 1 - SV Würselen 1"]
[Site "NRW-Klasse, Gruppe 2 2013/201"]
[Date "2013.10.06"]
[Round "2.6"]
[White "Gruermann, Martin"]
[Black "Bien, Stefan"]
[Result "1/2-1/2"]
[WhiteElo "2110"]
[BlackElo "2050"]
[PlyCount "41"]
[EventDate "2013.??.??"]
[WhiteTeam "SV Letmathe 1"]
[BlackTeam "SV Würselen 1"]

1. Nf3 d5 2. g3 c6 3. Bg2 Bg4 4. O-O Nf6 5. d3 e6 6. Nbd2 Nbd7 7. h3 Bxf3 8.
Nxf3 Be7 9. b3 O-O 10. Bb2 Qa5 11. c4 Ba3 12. Qc1 Bxb2 13. Qxb2 Rfd8 14. Rfc1
Rac8 15. Rc2 Qb6 16. Rac1 a5 17. cxd5 Nxd5 18. Rc4 Nf8 19. Ne5 Ng6 20. Nxg6
hxg6 21. a3 1/2-1/2

[Event "SV Letmathe 1 - SV Würselen 1"]
[Site "NRW-Klasse, Gruppe 2 2013/201"]
[Date "2013.10.06"]
[Round "2.7"]
[White "Heinichen, Nils"]
[Black "Haude, Ruediger"]
[Result "1/2-1/2"]
[WhiteElo "2044"]
[BlackElo "2030"]
[PlyCount "90"]
[EventDate "2013.??.??"]
[WhiteTeam "SV Würselen 1"]
[BlackTeam "SV Letmathe 1"]

1. d4 d5 2. c4 Nc6 3. e3 Nf6 4. Nc3 e6 5. Nf3 Bb4 6. a3 Bxc3+ 7. bxc3 Ne4 8.
Qc2 O-O 9. Bd3 f5 10. a4 Qf6 11. Ba3 Re8 12. O-O Bd7 13. cxd5 exd5 14. Qb3 Rab8
15. c4 dxc4 16. Bxc4+ Kh8 17. Qc2 Nd6 18. Ba2 Rbc8 19. Kh1 Qh6 20. Rfe1 Re4 21.
Bd5 Ree8 22. Bxc6 Bxc6 23. Ne5 Bd5 24. Rac1 Qe6 25. Qe2 Ne4 26. f3 Ng5 27. Qd3
Nf7 28. Nxf7+ Qxf7 29. Rc3 Rcd8 30. Qc2 Bc6 31. Rc1 f4 32. Qf2 fxe3 33. Rxe3
Rxe3 34. Qxe3 Re8 35. Qd2 Qb3 36. Bb2 Qe6 37. h3 Qd7 38. a5 Bd5 39. Qc2 c6 40.
Kg1 Qc7 41. Bc3 Qg3 42. Qf2 Qg6 43. Qc2 Qg5 44. Qd2 Qg6 45. Qc2 Qg5 1/2-1/2

[Event "SV Letmathe 1 - SV Würselen 1"]
[Site "NRW-Klasse, Gruppe 2 2013/201"]
[Date "2013.10.06"]
[Round "2.8"]
[White "Pfleger, Sascha"]
[Black "Vossen, Peter"]
[Result "1-0"]
[WhiteElo "2004"]
[BlackElo "1956"]
[PlyCount "59"]
[EventDate "2013.??.??"]
[WhiteTeam "SV Letmathe 1"]
[BlackTeam "SV Würselen 1"]

1. d4 d5 2. Nf3 Nf6 3. e3 e6 4. Bd3 c5 5. b3 cxd4 6. exd4 b6 7. O-O Ba6 8. c4
Be7 9. Nbd2 O-O 10. Bb2 Nc6 11. Rc1 Rc8 12. Re1 Rc7 13. Bb1 Qc8 14. Ne5 Rd8 15.
Ndf3 dxc4 16. Nxf7 Kxf7 17. Ng5+ Kg8 18. Nxe6 Bb4 19. Re3 Re7 20. Nxd8 Qxd8 21.
Rxe7 Nxe7 22. bxc4 Bc8 23. Qa4 Bd6 24. Qb3 Bb8 25. Re1 Kh8 26. d5 Nf5 27. Bxf6
gxf6 28. Qh3 Qd7 29. Bxf5 Qxf5 30. Qxf5 1-0

[Event "SC Hansa Dortmund 2 - SK Herne-Sodingen"]
[Site "NRW-Klasse, Gruppe 2 2013/201"]
[Date "2013.10.06"]
[Round "2.1"]
[White "Sandkamp, Ralph"]
[Black "Zelbel, Patrick"]
[Result "1/2-1/2"]
[WhiteElo "2203"]
[BlackElo "2379"]
[PlyCount "54"]
[EventDate "2013.??.??"]
[WhiteTeam "SK Herne-Sodingen 1"]
[BlackTeam "SC Hansa Dortmund 2"]

1. d4 Nf6 2. Nf3 e6 3. g3 c5 4. c4 cxd4 5. Nxd4 d5 6. Bg2 e5 7. Nf3 d4 8. e3
Nc6 9. exd4 exd4 10. O-O Be7 11. Bf4 O-O 12. Ne5 Qb6 13. Qb3 Na5 14. Qb5 Be6
15. Nd2 Qxb5 16. cxb5 Nh5 17. Nd3 Bf5 18. Be4 Bxe4 19. Nxe4 Nc4 20. Rfd1 Rac8
21. b3 f5 22. Ng5 Nxf4 23. gxf4 Na3 24. Ne6 Rfe8 25. Nxd4 Bf6 26. Ne5 Bxe5 27.
fxe5 Rxe5 1/2-1/2

[Event "SC Hansa Dortmund 2 - SK Herne-Sodingen"]
[Site "NRW-Klasse, Gruppe 2 2013/201"]
[Date "2013.10.06"]
[Round "2.2"]
[White "Wegener, Olaf"]
[Black "Langers, Alexander"]
[Result "1/2-1/2"]
[WhiteElo "2411"]
[BlackElo "2168"]
[PlyCount "149"]
[EventDate "2013.??.??"]
[WhiteTeam "SC Hansa Dortmund 2"]
[BlackTeam "SK Herne-Sodingen 1"]

1. e4 c5 2. Nf3 e6 3. d4 cxd4 4. Nxd4 Nc6 5. Nc3 a6 6. Be3 Qc7 7. Qd2 Nf6 8.
O-O-O Be7 9. f3 b5 10. g4 h6 11. h4 Bb7 12. Kb1 O-O-O 13. Bxb5 Nxd4 14. Bxd4 d5
15. e5 axb5 16. exf6 Bxf6 17. Nxb5 Qc4 18. Qa5 Kd7 19. b3 Qc6 20. Bxf6 gxf6 21.
Nd4 Qc7 22. Qb4 Rb8 23. Rd3 Qd6 24. Qd2 Ba6 25. Rc3 Rbc8 26. Rxc8 Kxc8 27. Re1
Kb8 28. Re3 Bb7 29. Rc3 e5 30. Nf5 Qe6 31. Nxh6 d4 32. Rd3 Ba6 33. c4 Bb7 34.
Nf5 e4 35. Rxd4 exf3 36. Kb2 Qe5 37. Kc1 Rg8 38. Nd6 Rd8 39. Nb5 Rxd4 40. Nxd4
Qg3 41. Qe3 Qg2 42. Qf4+ Ka8 43. Nc2 f2 44. Ne3 Bf3 45. Qxf6 f1=Q+ 46. Nxf1
Qxf1+ 47. Kb2 Qf2+ 48. Ka3 Qc5+ 49. Kb2 Qf2+ 50. Ka3 Qc5+ 51. b4 Qe3+ 52. Ka4
Qa7+ 53. Kb5 Qd7+ 54. Kc5 Qa7+ 55. Kd6 Qb6+ 56. Ke7 Qxb4+ 57. Ke8 Qb8+ 58. Kxf7
Qc7+ 59. Kg6 Bxg4 60. Qa6+ Kb8 61. Qb5+ Kc8 62. c5 Qe5 63. Qc6+ Qc7 64. Qa8+
Kd7 65. Qd5+ Kc8 66. Qa8+ Kd7 67. Qd5+ Kc8 68. h5 Qg3 69. Qc6+ Kd8 70. Qd5+ Kc7
71. Kh7 Qf4 72. Kg6 Qg3 73. Kh7 Qf4 74. Kg7 Bf5 75. Qd6+ 1/2-1/2

[Event "SC Hansa Dortmund 2 - SK Herne-Sodingen"]
[Site "NRW-Klasse, Gruppe 2 2013/201"]
[Date "2013.10.06"]
[Round "2.3"]
[White "Trzaska, Peter"]
[Black "Kotter, Ralf"]
[Result "1/2-1/2"]
[WhiteElo "2069"]
[BlackElo "2291"]
[PlyCount "37"]
[EventDate "2013.??.??"]
[WhiteTeam "SK Herne-Sodingen 1"]
[BlackTeam "SC Hansa Dortmund 2"]

1. c4 e5 2. Nf3 Nc6 3. Nc3 g6 4. g3 Bg7 5. Bg2 d6 6. d3 Nge7 7. Nd5 Nxd5 8.
cxd5 Ne7 9. e4 c6 10. dxc6 bxc6 11. O-O c5 12. b4 cxb4 13. Qa4+ Qd7 14. Qxb4
O-O 15. Ba3 Nc6 16. Qxd6 Qxd6 17. Bxd6 Rd8 18. Bc5 Rxd3 19. Rfd1 1/2-1/2

[Event "SC Hansa Dortmund 2 - SK Herne-Sodingen"]
[Site "NRW-Klasse, Gruppe 2 2013/201"]
[Date "2013.10.06"]
[Round "2.4"]
[White "Karger, Frank"]
[Black "Graw, Christopher"]
[Result "1-0"]
[WhiteElo "2231"]
[BlackElo "2159"]
[PlyCount "105"]
[EventDate "2013.??.??"]
[WhiteTeam "SC Hansa Dortmund 2"]
[BlackTeam "SK Herne-Sodingen 1"]

1. d4 Nf6 2. c4 e6 3. Nc3 Bb4 4. Qc2 c5 5. dxc5 O-O 6. Nf3 Na6 7. Bd2 Bxc5 8.
a3 b6 9. e3 Bb7 10. Be2 Bd6 11. O-O Nc5 12. Rad1 Rc8 13. Bc1 Bb8 14. b4 Nce4
15. Bb2 Nxc3 16. Bxc3 Ne4 17. Ba1 Qc7 18. g3 f5 19. Qd3 Rfd8 20. Nd4 a6 21. Rc1
Rf8 22. Rfd1 e5 23. Nf3 d6 24. Ne1 Qf7 25. Rc2 Ng5 26. Qd2 f4 27. exf4 exf4 28.
f3 fxg3 29. Qxg5 gxh2+ 30. Kh1 Rce8 31. Qg2 Re6 32. Rd5 Rg6 33. Rg5 Rxg5 34.
Qxg5 Re8 35. Ng2 h6 36. Qg4 Re6 37. Nf4 Re3 38. Nd5 Rxa3 39. Bb2 Rb3 40. Rd2 a5
41. Bd3 axb4 42. Qe4 Kf8 43. Rg2 g5 44. Rxh2 Bxd5 45. cxd5 Qf4 46. Bg7+ Kxg7
47. Qg6+ Kf8 48. Qxh6+ Kf7 49. Qg6+ Kf8 50. Rh8+ Ke7 51. Rh7+ Kf8 52. Qg7+ Ke8
53. Qe7# 1-0

[Event "SC Hansa Dortmund 2 - SK Herne-Sodingen"]
[Site "NRW-Klasse, Gruppe 2 2013/201"]
[Date "2013.10.06"]
[Round "2.5"]
[White "Schippan, Bernhard"]
[Black "Sundorf, Jannik"]
[Result "1/2-1/2"]
[WhiteElo "2181"]
[BlackElo "2120"]
[PlyCount "92"]
[EventDate "2013.??.??"]
[WhiteTeam "SK Herne-Sodingen 1"]
[BlackTeam "SC Hansa Dortmund 2"]

1. e4 c5 2. Nf3 g6 3. g3 Bg7 4. Bg2 Nc6 5. O-O Nf6 6. d3 d5 7. Nbd2 O-O 8. Re1
e5 9. h3 d4 10. Nc4 Ne8 11. a4 Nd6 12. b3 b5 13. Nxd6 Qxd6 14. axb5 Nb4 15. Nd2
Bd7 16. Nc4 Qc7 17. f4 f6 18. Bd2 Bxb5 19. f5 g5 20. h4 h6 21. Bf3 Kf7 22. Kg2
Rh8 23. Qc1 a5 24. Rh1 a4 25. Bh5+ Ke7 26. Bxb4 cxb4 27. Qd2 Qc5 28. bxa4 Bxc4
29. dxc4 Qxc4 30. Rhb1 Rhb8 31. Rb3 Bf8 32. a5 Kd7 33. hxg5 hxg5 34. Be2 Qc6
35. Bd3 Be7 36. a6 Rb6 37. Qe2 Ra7 38. Rh1 Raxa6 39. Bxa6 Rxa6 40. Rhb1 Ra2 41.
R1b2 Ra5 42. Kf3 Ra8 43. Qd3 Bd6 44. Rb1 Rc8 45. Rc1 Ra8 46. Rcb1 Rc8 1/2-1/2